Chip Technology

DNA-chip analysis has come a long way since the first conference in Moscow in 1991. Nowadays, DNA-microarrays seem to be a common commodity in biological sciences. The complexity hidden behind the apparent ease of such studies, however, is highlighted by the fact that it took about ten years before...

Full description

Bibliographic Details
Corporate Author: SpringerLink (Online service)
Other Authors: Hoheisel, Jörg (Editor, http://id.loc.gov/vocabulary/relators/edt)
Format: Electronic eBook
Language:English
Published: Berlin, Heidelberg : Springer Berlin Heidelberg : Imprint: Springer, 2002.
Edition:1st ed. 2002.
Series:Advances in Biochemical Engineering/Biotechnology, 77
Subjects:
Online Access:Full Text via HEAL-Link
LEADER 03992nam a2200601 4500
001 978-3-540-45713-8
003 DE-He213
005 20191027121603.0
007 cr nn 008mamaa
008 121227s2002 gw | s |||| 0|eng d
020 |a 9783540457138  |9 978-3-540-45713-8 
024 7 |a 10.1007/3-540-45713-5  |2 doi 
040 |d GrThAP 
050 4 |a TP248.13-248.65 
072 7 |a TDCB  |2 bicssc 
072 7 |a SCI010000  |2 bisacsh 
072 7 |a TDC  |2 thema 
082 0 4 |a 660.6  |2 23 
245 1 0 |a Chip Technology  |h [electronic resource] /  |c edited by Jörg Hoheisel. 
246 3 |a With contributions by numerous experts 
250 |a 1st ed. 2002. 
264 1 |a Berlin, Heidelberg :  |b Springer Berlin Heidelberg :  |b Imprint: Springer,  |c 2002. 
300 |a XI, 156 p. 30 illus.  |b online resource. 
336 |a text  |b txt  |2 rdacontent 
337 |a computer  |b c  |2 rdamedia 
338 |a online resource  |b cr  |2 rdacarrier 
347 |a text file  |b PDF  |2 rda 
490 1 |a Advances in Biochemical Engineering/Biotechnology,  |x 0724-6145 ;  |v 77 
505 0 |a Combinatorial Algorithms for Design of DNA Arrays -- High-Density GeneChip Oligonucleotide Probe Arrays -- Oligonucleotide Scanning Arrays: Application to High-Throughput Screening for Effective Antisense Reagents and the Study of Nucleic Acid Interactions -- The Use of MassARRAY Technology for High Throughput Genotyping -- Sequencing by Hybridization (SBH): Advantages, Achievements, and Opportunities -- Protein Array Technology: The Tool to Bridge Genomics and Proteomics -- Microarray Data Representation, Annotation and Storage. 
520 |a DNA-chip analysis has come a long way since the first conference in Moscow in 1991. Nowadays, DNA-microarrays seem to be a common commodity in biological sciences. The complexity hidden behind the apparent ease of such studies, however, is highlighted by the fact that it took about ten years before the methodology really set off. Also, on closer scrutiny, one realises that some problems still remain. Nevertheless, microarrays produce data on a scale beyond imagination a few years ago. The authors of the book took part in bringing this about. They are well-known experts in the field, many - like Edwin Southern, Hans Lehrach, Radoje Drmanac, Pavel Pevzner and Charles Cantor - have been actively pursuing array technology for more than a decade. They demonstrate the continuous development in both technology and application areas and elucidate on critical points that need to be considered when performing microarray analyses. 
650 0 |a Biotechnology. 
650 0 |a Electronics. 
650 0 |a Microelectronics. 
650 0 |a Electronic circuits. 
650 0 |a Chemical engineering. 
650 0 |a Microbiology. 
650 1 4 |a Microengineering.  |0 http://scigraph.springernature.com/things/product-market-codes/C12040 
650 2 4 |a Electronics and Microelectronics, Instrumentation.  |0 http://scigraph.springernature.com/things/product-market-codes/T24027 
650 2 4 |a Circuits and Systems.  |0 http://scigraph.springernature.com/things/product-market-codes/T24068 
650 2 4 |a Biotechnology.  |0 http://scigraph.springernature.com/things/product-market-codes/C12002 
650 2 4 |a Industrial Chemistry/Chemical Engineering.  |0 http://scigraph.springernature.com/things/product-market-codes/C27000 
650 2 4 |a Microbiology.  |0 http://scigraph.springernature.com/things/product-market-codes/L23004 
700 1 |a Hoheisel, Jörg.  |e editor.  |4 edt  |4 http://id.loc.gov/vocabulary/relators/edt 
710 2 |a SpringerLink (Online service) 
773 0 |t Springer eBooks 
776 0 8 |i Printed edition:  |z 9783662146446 
776 0 8 |i Printed edition:  |z 9783662146439 
776 0 8 |i Printed edition:  |z 9783540432159 
830 0 |a Advances in Biochemical Engineering/Biotechnology,  |x 0724-6145 ;  |v 77 
856 4 0 |u https://doi.org/10.1007/3-540-45713-5  |z Full Text via HEAL-Link 
912 |a ZDB-2-CMS 
912 |a ZDB-2-BAE 
950 |a Chemistry and Materials Science (Springer-11644)